000 00518pam a2200193 a 4500
020 _a0781764882
_c2104.00
041 _aeng
_hNULL
082 _a618.2
_bSPE/DAR
100 _aSPEROFF, L .
245 _aA CLINICAL GUIDE FOR CONTRACEPTION /
_cNULL.
_hTextual Documents
250 _a4 /
_b.
260 _aNULL :
_bLIPPINCOTT WILLIAMS & WILKINS ,
_c2005.
300 _a434 :
_bxi ;
_cNULL .
365 _a2104.00
700 _aDARNEY, P .
930 _a1097
999 _c795633
_d795633
650 _aOBST.GYNE